[Event "Aragon-chT Preferente"]
[Site "Spain"]
[Date "2010.03.20"]
[Round "9.12"]
[White "Glaria Murillo, Christian"]
[Black "Delgado Salcedo, Eduardo"]
[Result "1/2-1/2"]
[WhiteElo "2181"]
[BlackElo "2227"]
[PlyCount "27"]
[EventDate "2010.01.23"]
[EventType "team-swiss"]
[EventRounds "12"]
[EventCountry "ESP"]
[SourceTitle "EXT 2013"]
[Source "ChessBase"]
[SourceDate "2012.11.22"]
[SourceVersion "1"]
[SourceVersionDate "2012.11.22"]
[SourceQuality "1"]
[WhiteTeam "IberCaja IV"]
[BlackTeam "Agrupacion"]
[WhiteTeamCountry "ESP"]
[BlackTeamCountry "ESP"]

1. c4 Nf6 2. g3 c6 3. Bg2 d5 4. Nf3 g6 5. b3 Bg7 6. Bb2 0-0 7. 0-0 Nbd7 8. d3 Re8 9. Nbd2 e5 10. cxd5 Nxd5 11. Qc2 Nb4 12. Qc3 Nd5 13. Qc2 Nb4 14. Qc3 1/2-1/2

[Event "Aragon-chT Preferente"]
[Site "Spain"]
[Date "2010.03.06"]
[Round "7.16"]
[White "Glaria Murillo, Christian"]
[Black "Arregui Untoria, Carlos"]
[Result "0-1"]
[WhiteElo "2181"]
[BlackElo "2039"]
[PlyCount "98"]
[EventDate "2010.01.23"]
[EventType "team-swiss"]
[EventRounds "12"]
[EventCountry "ESP"]
[SourceTitle "EXT 2013"]
[Source "ChessBase"]
[SourceDate "2012.11.22"]
[SourceVersion "1"]
[SourceVersionDate "2012.11.22"]
[SourceQuality "1"]
[WhiteTeam "IberCaja IV"]
[BlackTeam "St Casablanca II"]
[WhiteTeamCountry "ESP"]
[BlackTeamCountry "ESP"]

1. e4 c5 2. Nc3 e6 3. f4 d5 4. Nf3 d4 5. Ne2 Nf6 6. d3 Nc6 7. h3 h5 8. g3 Qc7 9. Bg2 e5 10. f5 b6 11. 0-0 Bb7 12. a3 Bd6 13. Rb1 c4 14. Nd2 cxd3 15. cxd3 a5 16. Nf3 Rc8 17. Bg5 Nb8 18. Rc1 Qd7 19. Rxc8+ Qxc8 20. Qb3 Nbd7 21. Rc1 Qa8 22. Ne1 0-0 23. Qc2 Rc8 24. Qd1 Rxc1 25. Nxc1 Qc8 26. Bf3 Ba6 27. Bxh5 b5 28. Bf3 b4 29. a4 Bf8 30. b3 Qc3 31. Bd2 Qb2 32. Qc2 Qxc2 33. Nxc2 Nc5 34. Ne1 Nfd7 35. g4 Nb6 36. Bd1 Bb7 37. Nf3 f6 38. Bc2 Bc6 39. Kf2 Bd6 40. Ke2 Nbxa4 41. bxa4 Nxa4 42. Nb3 Bc7 43. Bc1 Nc3+ 44. Ke1 a4 45. Nbd2 Bb5 46. Nc4 Bxc4 47. dxc4 b3 48. Bd3 Ba5 49. Nd2 Bb4 0-1

[Event "Aragon-chT"]
[Site "Aragon"]
[Date "2009.01.24"]
[Round "1"]
[White "Glaria Murillo, Christian"]
[Black "Dominguez Bujeda, Jesus"]
[Result "1-0"]
[WhiteElo "2154"]
[BlackElo "2082"]
[PlyCount "87"]
[EventDate "2009.01.24"]
[EventType "team-swiss"]
[EventRounds "9"]
[EventCountry "ESP"]
[SourceTitle "EXT 2011"]
[Source "ChessBase"]
[SourceDate "2010.11.26"]
[SourceVersion "1"]
[SourceVersionDate "2010.11.26"]
[SourceQuality "1"]

1. e4 c5 2. Nc3 Nc6 3. g3 g6 4. Bg2 Bg7 5. d3 d6 6. Nf3 Bg4 7. h3 Bxf3 8. Qxf3 Nf6 9. 0-0 0-0 10. Be3 Ne8 11. Qd1 Nc7 12. Qd2 Nd4 13. Nd1 Re8 14. c3 Nc6 15. Bh6 Bh8 16. f4 Rb8 17. f5 Ne5 18. fxg6 hxg6 19. Ne3 Qd7 20. Nd5 e6 21. Nf6+ Bxf6 22. Rxf6 Re7 23. Bg5 Qb5 24. Rd1 Ne8 25. d4 cxd4 26. cxd4 Nc4 27. Qf4 e5 28. Qh4 exd4 29. Rxg6+ fxg6 30. Bxe7 Ne3 31. Rd2 Rc8 32. Rf2 Ng7 33. Bxd6 g5 34. Qh6 d3 35. a4 Rc1+ 36. Kh2 Qe8 37. Qxg5 d2 38. Rxd2 Nxg2 39. Qd5+ Kh7 40. Kxg2 Qxa4 41. Rf2 Qa1 42. e5 Rh1 43. Qe4+ Kh6 44. Rf6+ 1-0

[Event "Aragon-chT"]
[Site "Aragon"]
[Date "2008.03.01"]
[Round "5"]
[White "Carraminana Lopez, Luis Antonio"]
[Black "Glaria Murillo, Christian"]
[Result "0-1"]
[WhiteElo "1958"]
[BlackElo "2195"]
[PlyCount "88"]
[EventDate "2008.02.02"]
[EventType "team-swiss"]
[EventRounds "12"]
[EventCountry "ESP"]
[SourceTitle "EXT 2011"]
[Source "ChessBase"]
[SourceDate "2010.11.26"]
[SourceVersion "1"]
[SourceVersionDate "2010.11.26"]
[SourceQuality "1"]

1. e4 d5 2. exd5 Qxd5 3. Nc3 Qd6 4. d4 Nf6 5. g3 Bg4 6. f3 Bh5 7. Bf4 Qd8 8. g4 Bg6 9. h4 h6 10. Bd3 Bxd3 11. Qxd3 c6 12. 0-0-0 e6 13. Nh3 Na6 14. g5 hxg5 15. hxg5 Nd5 16. Nxd5 Qxd5 17. c4 Qf5 18. Qxf5 exf5 19. d5 0-0-0 20. dxc6 bxc6 21. Be5 Rxd1+ 22. Kxd1 Nb4 23. a3 Nd3 24. Bd4 c5 25. Kd2 Nf4 26. Nxf4 Rxh1 27. Be5 Be7 28. g6 fxg6 29. Nxg6 Bd8 30. b4 cxb4 31. axb4 a6 32. Kc3 Rh3 33. Kd4 Rxf3 34. c5 Rb3 35. Kc4 Rb1 36. c6 Rg1 37. Nh8 g5 38. Nf7 Be7 39. c7 Rg4+ 40. Kd5 Bxb4 41. Nd8 Rg1 42. Nc6 Rd1+ 43. Ke6 Bc5 44. Kxf5 Bd6 0-1

[Event "Aragon-chT Autonomico"]
[Site "Aragon"]
[Date "2007.02.10"]
[Round "3"]
[White "Navarro Sancho, Rafael"]
[Black "Glaria Murillo, Christian"]
[Result "0-1"]
[WhiteElo "2202"]
[BlackElo "1961"]
[PlyCount "78"]
[EventDate "2007.01.27"]
[EventType "team"]
[EventRounds "9"]
[EventCountry "ESP"]
[SourceTitle "EXT 2008"]
[Source "ChessBase"]
[SourceDate "2007.11.25"]
[SourceVersion "1"]
[SourceVersionDate "2007.11.25"]
[SourceQuality "1"]
[WhiteTeam "Aragon"]
[BlackTeam "IberCaja"]
[WhiteTeamCountry "ESP"]
[BlackTeamCountry "ESP"]

1. e4 c5 2. Nf3 d6 3. d4 cxd4 4. Nxd4 Nf6 5. Nc3 a6 6. Bg5 e6 7. Be2 Be7 8. Qd2 Qc7 9. 0-0 Nbd7 10. Rad1 b5 11. a3 Bb7 12. Bf3 0-0 13. Rfe1 Rac8 14. h3 Rfd8 15. g4 Ne5 16. Be2 Nc4 17. Bxc4 Qxc4 18. Qe2 Qc7 19. Bh4 Nxe4 20. Nxe4 Bxh4 21. Nf3 Be7 22. c3 Bd5 23. Nd4 Qb7 24. Ng3 Bf8 25. Qe3 g6 26. h4 Qa7 27. h5 e5 28. Nc2 Qxe3 29. Nxe3 Bb3 30. Rd2 d5 31. hxg6 hxg6 32. Ne2 Bc4 33. Nxc4 dxc4 34. Red1 Be7 35. Kg2 Kg7 36. Kf3 f5 37. Ng3 Kf6 38. gxf5 gxf5 39. Ke3 f4+ 0-1

[Event "ESP Autonomico-chT"]
[Site "Spain"]
[Date "2006.04.01"]
[Round "9.8"]
[White "Melendez Fierro, Juan Bautista"]
[Black "Glaria Murillo, Christian"]
[Result "1-0"]
[WhiteElo "2263"]
[BlackElo "2209"]
[PlyCount "113"]
[EventDate "2006.02.04"]
[EventType "team"]
[EventRounds "9"]
[EventCountry "ESP"]
[SourceTitle "EXT 2007"]
[Source "ChessBase"]
[SourceDate "2006.11.23"]
[SourceVersion "1"]
[SourceVersionDate "2006.11.23"]
[SourceQuality "1"]

1. e4 c5 2. Nc3 d6 3. g3 Nc6 4. Bg2 g6 5. d3 Bg7 6. f4 e6 7. Nf3 Nge7 8. 0-0 0-0 9. Be3 b6 10. Bf2 Bb7 11. Qd2 Qd7 12. Rad1 Ba6 13. Rfe1 Rac8 14. g4 Qc7 15. Ne2 Rce8 16. f5 Bc8 17. Ng3 Ne5 18. Nxe5 dxe5 19. Bh3 Rd8 20. Be3 c4 21. Rf1 f6 22. Qc3 b5 23. Rf2 exf5 24. gxf5 a6 25. Bf1 Qc6 26. fxg6 hxg6 27. Rfd2 cxd3 28. Qxc6 Nxc6 29. Bxd3 Bg4 30. Be2 Bxe2 31. Nxe2 Rxd2 32. Rxd2 Rd8 33. Rxd8+ Nxd8 34. Nc3 f5 35. Nd5 f4 36. Bd2 Ne6 37. Bb4 Ng5 38. Nc7 Nxe4 39. Nxa6 Bf8 40. Bxf8 Kxf8 41. Nc7 Nd6 42. b3 Ke7 43. a4 Kd7 44. Nxb5 Nxb5 45. axb5 e4 46. h4 e3 47. c4 f3 48. b6 Kc6 49. c5 e2 50. Kf2 Kb7 51. b4 Kc6 52. b5+ Kb7 53. Ke1 Kb8 54. c6 Kc8 55. b7+ Kb8 56. b6 g5 57. c7+ 1-0

[Event "ESP Autonomico-chT"]
[Site "Spain"]
[Date "2006.02.25"]
[Round "4.4"]
[White "Glaria Murillo, Christian"]
[Black "Gomez Luesia, Jesus C"]
[Result "1-0"]
[WhiteElo "2209"]
[BlackElo "2198"]
[PlyCount "191"]
[EventDate "2006.02.04"]
[EventType "team"]
[EventRounds "9"]
[EventCountry "ESP"]
[SourceTitle "EXT 2007"]
[Source "ChessBase"]
[SourceDate "2006.11.23"]
[SourceVersion "1"]
[SourceVersionDate "2006.11.23"]
[SourceQuality "1"]

1. c4 b6 2. Nc3 Bb7 3. e4 c5 4. Nge2 e6 5. g3 a6 6. Bg2 d6 7. 0-0 Qc7 8. d3 Nc6 9. Be3 Nf6 10. h3 Be7 11. Rc1 0-0 12. f4 Nd7 13. g4 Bf6 14. g5 Bd4 15. Bxd4 Nxd4 16. Nxd4 cxd4 17. Ne2 b5 18. Kh1 Qb6 19. Qd2 Rac8 20. b3 bxc4 21. bxc4 e5 22. f5 f6 23. h4 Rb8 24. Rb1 Qc7 25. Rb2 Bc6 26. Rfb1 Rxb2 27. Rxb2 Rb8 28. Kg1 Nc5 29. Nc1 Ba4 30. Kf2 Rb6 31. a3 Qb7 32. Rxb6 Qxb6 33. Qb4 Qd8 34. gxf6 a5 35. Qd2 gxf6 36. Qb2 Bb3 37. Bf3 Qf8 38. Qd2 Qd8 39. Kf1 Ba4 40. Qg2+ Kf8 41. Qd2 Ke7 42. Qg2 Qf8 43. Qd2 Qb8 44. Qh6 Qg8 45. Kf2 Be8 46. Be2 Bc6 47. Bf3 Be8 48. Be2 Bf7 49. Bf3 a4 50. Qd2 Be8 51. Be2 Bd7 52. Bd1 Bc6 53. Bf3 Kd7 54. Qh6 Ke7 55. Qd2 Qg7 56. h5 Kf8 57. Qa5 Qd7 58. Qd2 Kg7 59. Kf1 Qb7 60. h6+ Kf8 61. Qg2 Be8 62. Kg1 Nb3 63. Ne2 Qf7 64. Kh2 Ke7 65. Kg1 Qf8 66. Qg7+ Qxg7+ 67. hxg7 Bf7 68. Bh5 Bg8 69. Kf2 Nd2 70. Ke1 Nb3 71. Kd1 Nc5 72. Nc1 Na6 73. Na2 Bf7 74. Kc2 Nc7 75. Nb4 Ne8 76. Nc6+ Kd7 77. Bxf7 Nxg7 78. Nb4 Ke7 79. Bg8 h5 80. Kd2 Kf8 81. Bh7 h4 82. Ke2 Nh5 83. Kf3 Kg7 84. Bg6 Nf4 85. Be8 h3 86. Kg3 Ne2+ 87. Kxh3 Nc3 88. Kg2 Kf8 89. Bd7 Nb1 90. Nc2 Nc3 91. Nb4 Nb1 92. Bxa4 Nxa3 93. Nd5 Kg7 94. Kf2 Nb1 95. Ke1 Kh6 96. Kd1 1-0

[Event "Autonomico-chT"]
[Site "Aragon"]
[Date "2005.03.12"]
[Round "7.16"]
[White "Glaria Murillo, Christian"]
[Black "Guetas Sanchez, Hugo"]
[Result "1-0"]
[WhiteElo "2216"]
[BlackElo "2022"]
[PlyCount "97"]
[EventDate "2005.01.22"]
[EventType "team"]
[EventRounds "12"]
[EventCountry "ESP"]
[SourceTitle "EXT 2006"]
[Source "ChessBase"]
[SourceDate "2005.11.24"]
[SourceVersion "1"]
[SourceVersionDate "2005.11.24"]
[SourceQuality "1"]

1. c4 e5 2. g3 Nc6 3. Bg2 g6 4. Nc3 Bg7 5. e4 d6 6. Nge2 Be6 7. d3 Qd7 8. Nd5 Nd8 9. d4 c6 10. Ne3 Bh3 11. d5 Bxg2 12. Nxg2 cxd5 13. cxd5 Nf6 14. Nc3 Qh3 15. Qa4+ Ke7 16. Nh4 Nd7 17. Be3 b6 18. Qc4 Nb7 19. Qf1 Qxf1+ 20. Rxf1 Na5 21. b3 Rhf8 22. g4 Rac8 23. Rc1 h5 24. g5 Nc5 25. Bxc5 dxc5 26. Ke2 a6 27. Na4 Rb8 28. Rc2 Kd6 29. Rfc1 Rfe8 30. Nb2 Rg8 31. Nf3 Nb7 32. Nc4+ Kc7 33. Nb2 b5 34. Nd3 Bf8 35. Nfxe5 Re8 36. f4 Bd6 37. Kf3 Ref8 38. Nc6 Re8 39. e5 Bf8 40. Nf2 Rh8 41. h4 Kb6 42. Ne4 Rc8 43. Nf6 Rc7 44. a4 b4 45. a5+ Kb5 46. Ra1 Rxc6 47. dxc6 Nxa5 48. c7 Bg7 49. Rxa5+ 1-0

[Event "Autonomico-chT"]
[Site "Aragon"]
[Date "2005.03.05"]
[Round "6.4"]
[White "Gomez Anadon, Daniel"]
[Black "Glaria Murillo, Christian"]
[Result "1-0"]
[WhiteElo "2275"]
[BlackElo "2216"]
[PlyCount "125"]
[EventDate "2005.01.22"]
[EventType "team"]
[EventRounds "12"]
[EventCountry "ESP"]
[SourceTitle "EXT 2006"]
[Source "ChessBase"]
[SourceDate "2005.11.24"]
[SourceVersion "1"]
[SourceVersionDate "2005.11.24"]
[SourceQuality "1"]

1. e4 c5 2. Nf3 d6 3. d4 cxd4 4. Nxd4 Nf6 5. Nc3 a6 6. Be3 e6 7. f3 Be7 8. Qd2 Nc6 9. 0-0-0 0-0 10. g4 Nxd4 11. Bxd4 b5 12. g5 Nd7 13. h4 Bb7 14. Kb1 Rc8 15. Bh3 Ne5 16. Qf2 Qc7 17. Rc1 Nc4 18. Nd1 d5 19. exd5 Bxd5 20. Ne3 Nxe3 21. Qxe3 Bc5 22. c3 Bd6 23. Bb6 Qb7 24. Bg4 Qb8 25. Rcd1 Bf4 26. Qf2 Rc6 27. Be3 Bxe3 28. Qxe3 Qb6 29. Rd4 a5 30. Qd2 Rb8 31. Rc1 Ra8 32. h5 Rc4 33. h6 Qd6 34. hxg7 Qe5 35. Rxc4 bxc4 36. f4 Qe4+ 37. Ka1 Rb8 38. Bd1 Qg2 39. Qxg2 Bxg2 40. Be2 Bd5 41. Rd1 Kxg7 42. Rd4 Rc8 43. b3 f6 44. bxc4 Bg2 45. Rd7+ Kg6 46. gxf6 Kxf6 47. Rxh7 Be4 48. Rh5 Rb8 49. Rb5 Rxb5 50. cxb5 Kf5 51. Bc4 Kxf4 52. Bxe6 Bb7 53. Kb2 Ke5 54. Bf7 Kd6 55. Kb3 Kc5 56. Ka4 Kb6 57. c4 Be4 58. c5+ Kxc5 59. Kxa5 Bb7 60. Be6 Ba8 61. Ka6 Be4 62. b6 Kc6 63. Ka7 1-0

[Event "Autonomico-chT"]
[Site "Aragon"]
[Date "2005.02.26"]
[Round "5.8"]
[White "Arpa Pardo, Emilio"]
[Black "Glaria Murillo, Christian"]
[Result "1/2-1/2"]
[WhiteElo "2057"]
[BlackElo "2216"]
[PlyCount "125"]
[EventDate "2005.01.22"]
[EventType "team"]
[EventRounds "12"]
[EventCountry "ESP"]
[SourceTitle "EXT 2006"]
[Source "ChessBase"]
[SourceDate "2005.11.24"]
[SourceVersion "1"]
[SourceVersionDate "2005.11.24"]
[SourceQuality "1"]

1. e4 c5 2. Nf3 d6 3. Nc3 Nf6 4. Be2 e5 5. 0-0 Be7 6. Re1 Nc6 7. h3 0-0 8. Bf1 h6 9. d3 Be6 10. Ne2 d5 11. Ng3 dxe4 12. dxe4 Qxd1 13. Rxd1 Nb4 14. c4 Rfd8 15. Bd2 Nc6 16. Bc3 Bd6 17. b3 Nd4 18. Ne1 g6 19. Rac1 b6 20. Nc2 a5 21. Ne3 a4 22. Nd5 Bxd5 23. cxd5 axb3 24. axb3 Ra3 25. b4 cxb4 26. Bxd4 exd4 27. Rc6 Bxg3 28. fxg3 Nxe4 29. Rxd4 Nxg3 30. d6 Ra1 31. Kf2 Nf5 32. Rd3 b3 33. Rxb6 b2 34. Rxb2 Rxd6 35. Rc3 Rf6 36. Rf3 Kg7 37. Bc4 Rc1 38. Ba2 Nd4 39. Rxf6 Kxf6 40. Kg3 Rc2 41. Rb6+ Ne6 42. Ra6 Rb2 43. Ra7 g5 44. Kf3 Rb4 45. g3 Rb6 46. Kg2 Rd6 47. Kf3 Rd4 48. Bxe6 Kxe6 49. Ra6+ Rd6 50. Ra4 Kf6 51. h4 Kg6 52. hxg5 hxg5 53. g4 f5 54. gxf5+ Kxf5 55. Ra3 Rd5 56. Kg2 Kg6 57. Ra4 Kh5 58. Ra3 Rd4 59. Rb3 Kg4 60. Rg3+ Kf4 61. Rf3+ Ke4 62. Ra3 Kf5 63. Rb3 1/2-1/2

[Event "Autonomico-chT"]
[Site "Aragon"]
[Date "2005.02.05"]
[Round "2.12"]
[White "Glaria Murillo, Christian"]
[Black "Marco Bernad, Eduardo"]
[Result "1-0"]
[WhiteElo "2216"]
[BlackElo "1600"]
[PlyCount "100"]
[EventDate "2005.01.22"]
[EventType "team"]
[EventRounds "12"]
[EventCountry "ESP"]
[SourceTitle "EXT 2006"]
[Source "ChessBase"]
[SourceDate "2005.11.24"]
[SourceVersion "1"]
[SourceVersionDate "2005.11.24"]
[SourceQuality "1"]

1. e4 e5 2. Bc4 d6 3. Nc3 c6 4. a4 a5 5. d4 Nd7 6. Nf3 Be7 7. 0-0 Ngf6 8. Qe2 0-0 9. Rd1 Qc7 10. b3 Nb6 11. Bd3 Bg4 12. Be3 d5 13. dxe5 Bxf3 14. Qxf3 Qxe5 15. Bxb6 Qxc3 16. exd5 Nxd5 17. Bd4 Qb4 18. c3 Qd6 19. Rac1 Qf4 20. Qxf4 Nxf4 21. Bf1 c5 22. Be3 Ne6 23. Rd7 Bf6 24. Rxb7 Rfb8 25. Rb5 Rxb5 26. Bxb5 Rd8 27. Kf1 Be7 28. Ke2 Bg5 29. Bxg5 Nxg5 30. f3 Kf8 31. Rd1 Rxd1 32. Kxd1 Ke7 33. Bc4 Kd6 34. Kc2 Ne6 35. Bxe6 fxe6 36. Kb2 Kc6 37. Ka3 Kb6 38. b4 g5 39. bxa5+ Kxa5 40. Kb3 h5 41. Kc4 Kxa4 42. Kxc5 e5 43. Kd5 Kb3 44. Kxe5 Kxc3 45. Kf5 h4 46. Kxg5 h3 47. gxh3 Kd4 48. f4 Ke4 49. f5 Ke5 50. f6 Ke6 1-0

[Event "Autonomico-ch"]
[Site "Aragon"]
[Date "2005.??.??"]
[Round "9"]
[White "Gracia Suarez, Jesus"]
[Black "Glaria Murillo, Christian"]
[Result "1/2-1/2"]
[WhiteElo "2088"]
[BlackElo "2143"]
[PlyCount "52"]
[EventDate "2005.??.??"]
[EventType "swiss"]
[EventRounds "9"]
[EventCountry "ESP"]
[SourceTitle "EXT 2009"]
[Source "ChessBase"]
[SourceDate "2008.11.26"]
[SourceVersion "1"]
[SourceVersionDate "2008.11.26"]
[SourceQuality "1"]

1. e4 c5 2. Nf3 d6 3. d4 cxd4 4. Nxd4 Nf6 5. Nc3 a6 6. h3 e6 7. g4 h6 8. Bg2 Be7 9. Be3 Qc7 10. Qd2 Bd7 11. 0-0 Nc6 12. Nxc6 Bxc6 13. a4 b6 14. Qe2 Qb7 15. Bd2 0-0 16. h4 d5 17. e5 Nd7 18. f4 d4 19. Ne4 Nc5 20. Nxc5 Bxc5 21. Kh1 Bxg2+ 22. Qxg2 Qxg2+ 23. Kxg2 Rfd8 24. h5 Rac8 25. Rfd1 Be7 26. c3 dxc3 1/2-1/2

[Event "Autonomico-ch"]
[Site "Aragon"]
[Date "2005.??.??"]
[Round "5"]
[White "Hernando Garcia, Antonio"]
[Black "Glaria Murillo, Christian"]
[Result "1/2-1/2"]
[WhiteElo "2166"]
[BlackElo "2143"]
[PlyCount "22"]
[EventDate "2005.??.??"]
[EventType "swiss"]
[EventRounds "9"]
[EventCountry "ESP"]
[SourceTitle "EXT 2009"]
[Source "ChessBase"]
[SourceDate "2008.11.26"]
[SourceVersion "1"]
[SourceVersionDate "2008.11.26"]
[SourceQuality "1"]

1. c4 e5 2. g3 Nc6 3. Bg2 g6 4. Nc3 Bg7 5. Nf3 d6 6. 0-0 Nf6 7. Rb1 a5 8. a3 0-0 9. d3 h6 10. b4 axb4 11. axb4 Be6 1/2-1/2

[Event "Aragon-chT"]
[Site "Spain"]
[Date "2004.??.??"]
[Round "?"]
[White "Ramon Perez, Jose Luis"]
[Black "Glaria Murillo, Christian"]
[Result "1-0"]
[WhiteElo "2297"]
[BlackElo "2231"]
[PlyCount "111"]
[EventDate "2004.01.??"]
[EventType "team"]
[EventRounds "11"]
[EventCountry "ESP"]
[SourceTitle "EXT 2006"]
[Source "ChessBase"]
[SourceDate "2005.11.24"]
[SourceVersion "1"]
[SourceVersionDate "2005.11.24"]
[SourceQuality "1"]

1. e4 e6 2. d4 d5 3. Nc3 Nf6 4. Bg5 Bb4 5. e5 h6 6. Bd2 Bxc3 7. Bxc3 Ne4 8. Ne2 c5 9. dxc5 Nxc3 10. Nxc3 Qa5 11. Bd3 0-0 12. 0-0 Qxc5 13. Kh1 Nc6 14. f4 f6 15. Qh5 Bd7 16. exf6 Rxf6 17. Ne4 Qe7 18. Nxf6+ Qxf6 19. c3 a6 20. Rae1 Be8 21. Qe2 Bf7 22. Bc2 Rc8 23. Qd3 g6 24. Qg3 Kh8 25. Qe3 Kg7 26. Qb6 Nd8 27. Ba4 h5 28. Qd6 Rc4 29. Bb3 Rc6 30. Qb4 Rc7 31. Qb6 Rc6 32. Qe3 Rc7 33. Qg3 Rc8 34. Re5 Kh8 35. Qh3 Kg7 36. Rxd5 Rxc3 37. Qxc3 Qxc3 38. bxc3 exd5 39. Rd1 Kf6 40. Bxd5 Be8 41. c4 Nc6 42. g3 Bd7 43. Kg2 a5 44. a3 a4 45. Kf2 Na5 46. Rb1 Nb3 47. Bxb7 g5 48. Rd1 Be6 49. Bd5 Bg4 50. Bf3 Be6 51. Rd6 Ke7 52. Rxe6+ Kxe6 53. fxg5 Nd2 54. c5 Nc4 55. Bxh5 Nxa3 56. Bd1 1-0

[Event "Ibercaja op 14th"]
[Site "Zaragoza"]
[Date "2003.04.27"]
[Round "9.17"]
[White "Glaria Murillo, Christian"]
[Black "Accattato Martin, Mario"]
[Result "1-0"]
[WhiteElo "2179"]
[BlackElo "2053"]
[PlyCount "135"]
[EventDate "2003.04.20"]
[EventType "swiss"]
[EventRounds "9"]
[EventCountry "ESP"]
[SourceTitle "EXT 2004"]
[Source "ChessBase"]
[SourceDate "2003.11.25"]
[SourceVersion "1"]
[SourceVersionDate "2003.11.25"]
[SourceQuality "1"]

1. e4 c5 2. Nc3 Nc6 3. g3 g6 4. Bg2 Bg7 5. d3 d6 6. f4 e6 7. Nf3 Nge7 8. 0-0 0-0 9. Be3 Nd4 10. e5 Nef5 11. Bf2 Nxf3+ 12. Qxf3 Nd4 13. Qd1 dxe5 14. fxe5 Bxe5 15. Ne4 f5 16. Nxc5 Qc7 17. b4 a5 18. c3 Nb5 19. d4 Bg7 20. Qd3 Na7 21. b5 Rb8 22. Rae1 b6 23. Nxe6 Bxe6 24. Rxe6 Qd7 25. Rfe1 Qxb5 26. c4 Qa4 27. Bd5 Kh8 28. Be3 b5 29. Qd2 Qb4 30. Qxb4 axb4 31. Ra6 Nc8 32. c5 Rd8 33. Bf4 Bxd4+ 34. Kg2 Rxd5 35. Bxb8 Rxc5 36. Kh3 Kg8 37. Bf4 Rc2 38. Rc1 Rxc1 39. Bxc1 Kf7 40. Bd2 Bc3 41. Bxc3 bxc3 42. Rc6 Ne7 43. Rxc3 b4 44. Rc4 Nd5 45. Rd4 Ke6 46. Rc4 Ke5 47. Kh4 h6 48. Kh3 g5 49. Rc6 h5 50. Rh6 Nc3 51. Rxh5 g4+ 52. Kh4 Nxa2 53. Kg5 b3 54. Kg6 Nc3 55. Rxf5+ Kd4 56. Rf2 Na4 57. Kg5 b2 58. Rxb2 Nxb2 59. Kxg4 Nd3 60. h4 Ne5+ 61. Kf5 Kd5 62. h5 Kd6 63. h6 Nf7 64. Kg6 Ke7 65. Kg7 Ke6 66. h7 Ke7 67. g4 Ke6 68. g5 1-0

[Event "Aragon-chT"]
[Site "Aragon"]
[Date "2003.03.08"]
[Round "7"]
[White "Baron Rodriguez, Jesus"]
[Black "Glaria Murillo, Christian"]
[Result "1-0"]
[WhiteElo "2418"]
[BlackElo "2179"]
[PlyCount "57"]
[EventDate "2003.02.??"]
[EventType "team"]
[EventRounds "9"]
[EventCountry "ESP"]
[SourceTitle "EXT 2004"]
[Source "ChessBase"]
[SourceDate "2003.11.25"]
[SourceVersion "1"]
[SourceVersionDate "2003.11.25"]
[SourceQuality "1"]

1. e4 c5 2. Nf3 e6 3. d4 cxd4 4. Nxd4 Nf6 5. Nc3 Nc6 6. Nxc6 bxc6 7. Bd3 e5 8. 0-0 d6 9. f4 Be7 10. Qf3 0-0 11. Kh1 a5 12. b3 Ba6 13. Bxa6 Rxa6 14. Bb2 Nd7 15. Rad1 Qc7 16. a4 Raa8 17. Ne2 f5 18. Qh3 Kh8 19. exf5 Rf6 20. fxe5 dxe5 21. Bc1 Rd6 22. Rde1 Nf6 23. Ng1 Rd7 24. Nf3 Bd6 25. Ng5 Re8 26. Re4 Kg8 27. Rh4 h5 28. Ne6 Qb7 29. Bg5 1-0

[Event "Aragon-chT"]
[Site "Aragon"]
[Date "2003.02.15"]
[Round "4"]
[White "Glaria Murillo, Christian"]
[Black "Malo Guillen, Jose Luis"]
[Result "0-1"]
[WhiteElo "2179"]
[BlackElo "2214"]
[PlyCount "58"]
[EventDate "2003.02.??"]
[EventType "team"]
[EventRounds "9"]
[EventCountry "ESP"]
[SourceTitle "EXT 2004"]
[Source "ChessBase"]
[SourceDate "2003.11.25"]
[SourceVersion "1"]
[SourceVersionDate "2003.11.25"]
[SourceQuality "1"]

1. e4 d6 2. d4 Nf6 3. Nc3 e5 4. Nf3 Nbd7 5. Bc4 Be7 6. 0-0 0-0 7. a4 c6 8. a5 h6 9. h3 Re8 10. Be3 Bf8 11. dxe5 dxe5 12. Re1 Bb4 13. Qd3 Bxa5 14. Red1 Bb6 15. Nh4 Bxe3 16. Qxe3 Qb6 17. Qg3 Nc5 18. Rd6 Ncxe4 19. Nxe4 Nxe4 20. Bxf7+ Kxf7 21. Qg6+ Ke7 22. Rad1 Qxf2+ 23. Kh1 Nxd6 24. Qxd6+ Kf7 25. Qg6+ Kf8 26. Rd3 e4 27. Qd6+ Kg8 28. Rg3 Be6 29. Qc7 Qf7 0-1

[Event "Aragon-chT"]
[Site "Aragon"]
[Date "2003.02.08"]
[Round "3"]
[White "Glaria Murillo, Christian"]
[Black "Glavina, Pablo"]
[Result "0-1"]
[WhiteElo "2179"]
[BlackElo "2427"]
[PlyCount "58"]
[EventDate "2003.02.??"]
[EventType "team"]
[EventRounds "9"]
[EventCountry "ESP"]
[SourceTitle "EXT 2004"]
[Source "ChessBase"]
[SourceDate "2003.11.25"]
[SourceVersion "1"]
[SourceVersionDate "2003.11.25"]
[SourceQuality "1"]

1. e4 Nf6 2. e5 Nd5 3. d4 d6 4. Nf3 Bg4 5. Be2 c6 6. Ng5 Bxe2 7. Qxe2 dxe5 8. dxe5 e6 9. 0-0 Nd7 10. c4 Ne7 11. Nc3 Nf5 12. f4 Be7 13. Nce4 h5 14. g3 Nc5 15. Rd1 Qb6 16. Kg2 Nxe4 17. Nxe4 c5 18. Nc3 Nd4 19. Qe4 0-0-0 20. Na4 Qa6 21. b3 f5 22. exf6 gxf6 23. Bb2 f5 24. Qe3 Qc6+ 25. Kf2 h4 26. g4 h3 27. Rg1 Nc2 28. Qc3 Bh4+ 29. Kf1 Qe4 0-1

[Event "Aragon op"]
[Site "Aragon"]
[Date "2002.??.??"]
[Round "7"]
[White "Glaria Murillo, Christian"]
[Black "Jario Garcia, Ricardo Javier"]
[Result "1/2-1/2"]
[WhiteElo "2179"]
[BlackElo "2157"]
[PlyCount "55"]
[EventDate "2002.??.??"]
[EventType "swiss"]
[EventRounds "9"]
[EventCountry "ESP"]
[SourceTitle "EXT 2007"]
[Source "ChessBase"]
[SourceDate "2006.11.23"]
[SourceVersion "1"]
[SourceVersionDate "2006.11.23"]
[SourceQuality "1"]

1. e4 e5 2. Nf3 Nf6 3. Nxe5 d6 4. Nf3 Nxe4 5. d3 Nf6 6. d4 d5 7. Bg5 Bg4 8. h3 Be6 9. Bd3 c5 10. Bb5+ Nc6 11. 0-0 a6 12. Bxc6+ bxc6 13. c3 Be7 14. dxc5 Bxc5 15. Qa4 Qb6 16. Bxf6 gxf6 17. Nd4 Bd7 18. Re1+ Kd8 19. Qb3 Kc7 20. Qxb6+ Kxb6 21. Nd2 Rhg8 22. Kh1 Kc7 23. b4 Bd6 24. N2b3 Rge8 25. Kg1 Rxe1+ 26. Rxe1 Re8 27. Rxe8 Bxe8 28. Kf1 1/2-1/2